000 00423nam a2200181Ia 4500
001 1867
005 20260306143800.0
008 260306t2017||||xx |||||||||||||| ||spa||
041 _aESP
082 _a155.937
_bT77
100 _aTovar, Oscar
_eAUT
245 0 _aEl duelo:
_bguía de acompañamiento
260 _c2017
300 _a77 páginas :
_c23 cm.
650 _aGEN
654 _aCPS
942 _cLIB
_dJUS
_fJUS
_2ddc
_n
999 _c1867
_d1867